000
00293nam a22001337a 4500
008
170622b xxu||||| |||| 00| 0 eng d
020
_a
9780205354795
041
_a
eng
080
_a
32
100
_a
21
101
_a
SHP
245
_a
CONFORMITY AND CONFLICT
_c
SPRADLEY, J
942
_2
udc
_c
BK
999
_c
18797
_d
18797